01141cam a22002531 4500001001300000003000400013005001700017008004100034010001700075040002200092050002200114070001900136111008300155245008800238260004800326300003100374490006700405500013900472504003100611650004600642710005100688710006300739830008500802agr65000379 DLC20260227111024.0850905s1965 dcua b f100 0 eng  aagr65000379  aDLC/ICUcICUdDLC00aS21b.A46 no. 9700 a1Ag84M no. 9702 aFederal Inter-agency Sedimentation Conferencen(2nd :d1963 :cJackson, Miss.)00aProceedings.cPrepared by Agricultural Research Service, U.S. Dept. of Agriculture. aWashington,bU.S. Govt. Print. Off.,c1965. aiv, 933 p.billus.c27 cm.1 a[U.S. Dept. of Agriculture] Miscellaneous publicationvno. 970 aSponsored by the Federal agencies represented on the Subcommittee on Sedimentation, Federal Inter-Agency Committee on Water Resources. aBibliographical footnotes. 0aSedimentation and depositionxCongresses.1 aUnited States.bAgricultural Research Service.1 aUnited States.bInter-agency Committee on Water Resources. 0aMiscellaneous publication (United States. Department of Agriculture) ;vno. 970.